|
|
|
|
| LEADER |
00866nam a2200241 a 4500 |
| 001 |
16485452 |
| 008 |
120701s2011 ctu b 001 0 eng d |
| 010 |
|
|
|a 2010041471
|
| 020 |
|
|
|a 9780300169430
|
| 020 |
|
|
|a 9780300181531
|
| 040 |
|
|
|a DLC
|c DLC
|d DLC
|d BD-DhAAL
|
| 082 |
0 |
0 |
|a 335.4
|2 22
|
| 100 |
1 |
|
|a Eagleton, Terry,
|d 1943-
|
| 245 |
1 |
0 |
|a Why Marx was right /
|c Terry Eagleton.
|
| 260 |
|
|
|a New Haven :
|b Yale University Press,
|c 2011.
|
| 300 |
|
|
|a xii, 258 p. ;
|c 23 cm.
|
| 504 |
|
|
|a Includes bibliographical references and index.
|
| 541 |
|
|
|a 00025509
|
| 600 |
1 |
0 |
|a Marx, Karl,
|d 1818-1883.
|
| 650 |
|
0 |
|a Communism.
|
| 650 |
|
0 |
|a Capitalism.
|
| 999 |
|
|
|c 12435
|d 12435
|
| 952 |
|
|
|0 0
|1 0
|4 0
|6 335_400000000000000_EAG
|7 0
|9 20588
|a BRACUL
|b BRACUL
|c GEN
|d 2012-06-07
|e Karim International
|g 1440.00
|l 8
|m 94
|o 335.4 EAG
|p 3010025509
|q 2026-06-02
|r 2026-05-18
|s 2026-05-18
|t 1
|w 2012-07-01
|y BK
|